UNDER THE NET (Record no. 216541)
[ view plain ]
| 000 -LEADER | |
|---|---|
| fixed length control field | 00564nam a22001697a 4500 |
| 008 - FIXED-LENGTH DATA ELEMENTS--GENERAL INFORMATION | |
| fixed length control field | 260204b |||||||| |||| 00| 0 eng d |
| 020 ## - INTERNATIONAL STANDARD BOOK NUMBER | |
| International Standard Book Number | 978-0-099-42907-4 |
| 050 ## - LIBRARY OF CONGRESS CALL NUMBER | |
| Classification number | PR 6063 .U7 U5 2025 |
| 100 ## - MAIN ENTRY--PERSONAL NAME | |
| Personal name | MURDOCH, IRIS |
| 245 ## - TITLE STATEMENT | |
| Title | UNDER THE NET |
| 260 ## - PUBLICATION, DISTRIBUTION, ETC. | |
| Place of publication, distribution, etc. | LONDON, |
| Name of publisher, distributor, etc. | VINTAGE CLASSICS: PENGUIN RANDOM HOUSE UK, |
| Date of publication, distribution, etc. | 2025, |
| 300 ## - PHYSICAL DESCRIPTION | |
| Extent | xix, 355 P ,ILL |
| 650 ## - SUBJECT ADDED ENTRY | |
| Topical term or geographic name entry element | LONDON (ENGLAND) - FICTION 2. AUTHORS- FICTION 3. PHILOSOPHERS - FICTION 4. FRIENDSHIP - FICTION |
| 700 ## - ADDED ENTRY--PERSONAL NAME | |
| Personal name | CHARLOTTE MENDELSON, KIERNAN RYAN |
| 942 ## - ADDED ENTRY ELEMENTS (KOHA) | |
| Source of classification or shelving scheme | Library of Congress Classification |
| Koha item type | Long Loan Book |
| Withdrawn status | Lost status | Source of classification or shelving scheme | Damaged status | Not for loan | Collection | Home library | Current library | Shelving location | Date acquired | Inventory number | Total checkouts | Full call number | Barcode | Date last seen | Copy number | Price effective from | Koha item type | Date last checked out |
|---|---|---|---|---|---|---|---|---|---|---|---|---|---|---|---|---|---|---|
| Library of Congress Classification | Arts & Social Sciences | Kisii University Library | Kisii University Library | On Display | 02/04/2026 | 111429 | PR 6063 .U7 U5 2025 | 50392 | 02/04/2026 | 1 | 02/04/2026 | Long Loan Book | ||||||
| Library of Congress Classification | Arts & Social Sciences | Kisii University Library | Kisii University Library | On Display | 02/04/2026 | 111430 | PR 6063 .U7 U5 2025 | 50388 | 02/04/2026 | 2 | 02/04/2026 | Long Loan Book | ||||||
| Library of Congress Classification | Arts & Social Sciences | Kisii University Library | Kisii University Library | On Display | 02/04/2026 | 111431 | 1 | PR 6063 .U7 U5 2025 | 50386 | 03/23/2026 | 3 | 02/04/2026 | Long Loan Book | 03/09/2026 | ||||
| Library of Congress Classification | Arts & Social Sciences | Kisii University Library | Kisii University Library | On Display | 02/04/2026 | 111432 | PR 6063 .U7 U5 2025 | 50383 | 02/04/2026 | 4 | 02/04/2026 | Long Loan Book | ||||||
| Library of Congress Classification | Arts & Social Sciences | Kisii University Library | Kisii University Library | On Display | 02/04/2026 | 111433 | PR 6063 .U7 U5 2025 | 50381 | 02/04/2026 | 5 | 02/04/2026 | Long Loan Book |